000 00660nas a2200217 4500
001 BR8203067
003 BR-BrBNA
005 20231205085204.0
007 ta
008 230509b bl.|||p| |||| 00| 00por d
040 _aBR-BrBNA
_bpor
_cBiblioteca Nacional de Agricultura
041 _a(Pt)
072 _aP05
100 1 _aCampos, C.W.M.
245 1 _aA exploracao de petroleo no Brasil: situacao atual de perspectivas
650 _aPETROLEO
650 _aBACIA SEDIMENTAR
773 0 _tEnergia Fontes Alternativas (Brazil)
_xISSN 0100-6371
_g(Sep 1982), v. 4(22) p. 27-39
_wBR8203067
909 _a202311
_bLúcia
_c55
_dLúcia Elande
942 _2AGRIS
_n0
_cANA
999 _c109844
_d109844